Match the region to the island (2) - Statistics

General Stats
  • This quiz has been taken 36 times
  • The average score is 7 of 15
Answer Stats
Hint Explanation Answer % Correct
South Aegean Greece Mykonos
89%
Stockholm Sweden Kymmendö
71%
Northwest Territories Canada Banks
68%
Nordland Norway Hinnøya
57%
Primorje-Gorski Kotar Croatia Krk
57%
Marlborough New Zealand South Island
50%
Nara Japan Honshu
46%
Chukotka Autonomous Okrug Russia Wrangel
46%
Penghu Taiwan Taiwan
43%
Bicol Philippines Luzon
39%
Sotavento Cape Verde Santiago
36%
Hovedstaden Denmark Zealand
29%
Westfjords Iceland Iceland
25%
Riau Indonesia Sumatra
25%
SOCCSKSARGEN
(Region XII)
Philippines Mindanao
11%
No matching quizzes found
Score Distribution
Percent of People with Each Score
Percentile by Number Answered
Your Score History
You have not taken this quiz